000 01244cam a2200157 4500500
005 20260329023209.0
041 _afre
042 _adc
100 1 0 _aBatifoulier, Philippe
_eauthor
700 1 0 _aDa Silva, Nicolas
_eauthor
700 1 0 _aDomin, Jean-Paul
_eauthor
245 0 0 _aÉconomie de la santé
260 _bArmand Colin,
_c2018.
520 _aCet ouvrage présente, dans un langage simple et accessible, les débats économiques sur les questions de santé pour les ouvrir aux débats citoyens. Pour ce faire, il propose un ensemble pluraliste de réflexions relatives à la santé en considérant que l’organisation actuelle du système de santé ne peut se comprendre sans avoir recours à ses trajectoires historiques. Ce manuel s’organise autour d’une logique thématique qui permet de présenter les grands objets de santé : l’hôpital, la médecine de ville, l’industrie pharmaceutique, les assurances privées mais aussi l’émergence des systèmes de santé, la quantification de l’activité de soin, les inégalités, la marchandisation du soin et les rapports entre santé et capitalisme.
856 4 1 _uhttps://shs.cairn.info/economie-de-la-sante--9782200619510?lang=fr&redirect-ssocas=7080
999 _c1925409
_d1925409